[Event "Kupec Memorial R2 email"]
[Site "Remote email"]
[Date "2013.10.01"]
[Round "?"]
[White "Ahrens, Gerhard"]
[Black "Markus, Roland"]
[Result "0-1"]
[WhiteElo "2225"]
[BlackElo "2482"]
[PlyCount "66"]
[EventDate "2013.??.??"]
[EventType "tourn (corr)"]
[EventRounds "6"]
[EventCountry "GER"]
[SourceTitle "Corr 2015"]
[Source "ChessBase"]
[SourceDate "2015.07.17"]
[SourceVersion "1"]
[SourceVersionDate "2015.07.17"]
[SourceQuality "1"]

1. e4 c6 2. b4 e5 3. Bb2 Nf6 4. Nf3 Bxb4 5. Nxe5 d6 6. Nd3 Ba5 7. f3 0-0 8. Be2 Bb6 9. Nf4 d5 10. e5 Ne8 11. c4 dxc4 12. Bxc4 Bd4 13. Qc1 Nc7 14. Nc3 Bxe5 15. Nce2 Nd7 16. 0-0 Re8 17. Bb3 Bxb2 18. Qxb2 a5 19. Rae1 Nf6 20. Nc1 Qd6 21. Ncd3 a4 22. Bc2 Bd7 23. Re3 Bf5 24. Rfe1 Nb5 25. h3 Na3 26. Rxe8+ Rxe8 27. Rxe8+ Nxe8 28. g4 Bxd3 29. Nxd3 Nxc2 30. Qxc2 Qg3+ 31. Kf1 Qxf3+ 32. Nf2 b5 33. Qe4 Qxe4 0-1

[Event "Remote Jubilee Gr.C email"]
[Site "Remote email"]
[Date "2013.09.02"]
[Round "?"]
[White "Ryska, Jiri"]
[Black "Ahrens, Gerhard"]
[Result "1/2-1/2"]
[WhiteElo "2258"]
[BlackElo "2225"]
[PlyCount "49"]
[EventDate "2013.??.??"]
[EventType "tourn (corr)"]
[EventRounds "11"]
[EventCountry "GER"]
[SourceTitle "Corr 2015"]
[Source "ChessBase"]
[SourceDate "2015.07.17"]
[SourceVersion "1"]
[SourceVersionDate "2015.07.17"]
[SourceQuality "1"]

1. e4 c5 2. Nc3 Nc6 3. g3 g6 4. Nf3 Bg7 5. Bg2 d6 6. 0-0 Bg4 7. h3 Bxf3 8. Bxf3 e6 9. d3 Qb6 10. a4 Nge7 11. Nb5 Rd8 12. c3 a6 13. Na3 d5 14. Qe2 Ne5 15. Bg2 d4 16. Rd1 0-0 17. f4 N5c6 18. Nc4 Qc7 19. e5 Nf5 20. g4 Nfe7 21. Rf1 Nd5 22. Bd2 Kh8 23. g5 h6 24. h4 h5 25. a5 1/2-1/2

[Event "Remote Superturnier 18 email"]
[Site "Remote email"]
[Date "2012.11.21"]
[Round "?"]
[White "Ahrens, Gerhard"]
[Black "Firsching, Guenter"]
[Result "0-1"]
[WhiteElo "2248"]
[BlackElo "2453"]
[PlyCount "80"]
[EventDate "2012.??.??"]
[EventType "tourn (corr)"]
[EventRounds "14"]
[EventCountry "GER"]
[SourceTitle "Corr 2015"]
[Source "ChessBase"]
[SourceDate "2015.07.17"]
[SourceVersion "1"]
[SourceVersionDate "2015.07.17"]
[SourceQuality "1"]

1. e4 c5 2. Nf3 Nc6 3. d4 cxd4 4. Nxd4 Nf6 5. Nc3 e5 6. Ndb5 d6 7. Nd5 Nxd5 8. exd5 Nb8 9. c4 Be7 10. Bd3 a6 11. Nc3 0-0 12. 0-0 f5 13. f3 Nd7 14. Kh1 b6 15. Qe2 a5 16. Be3 Nc5 17. Bc2 Bd7 18. Rae1 Bh4 19. g3 Be7 20. b3 Bg5 21. f4 exf4 22. Bxf4 Bxf4 23. gxf4 Qf6 24. Qf3 Rab8 25. Rg1 g6 26. Rg3 b5 27. cxb5 Bxb5 28. Qe3 Bd3 29. Bxd3 Qxc3 30. Bc4 Qf6 31. Rf3 Ne4 32. Rh3 a4 33. Re2 axb3 34. axb3 Ra8 35. Bd3 Rfe8 36. Kg2 g5 37. Bxe4 Rxe4 38. Qd3 Rxf4 39. Re6 Ra2+ 40. Kg3 Qa1 0-1

[Event "Remote Superturnier 18 email"]
[Site "Remote email"]
[Date "2012.11.21"]
[Round "?"]
[White "Ahrens, Gerhard"]
[Black "Svrsek, Radomir"]
[Result "0-1"]
[WhiteElo "2248"]
[BlackElo "2432"]
[PlyCount "106"]
[EventDate "2012.??.??"]
[EventType "tourn (corr)"]
[EventRounds "14"]
[EventCountry "GER"]
[SourceTitle "Corr 2015"]
[Source "ChessBase"]
[SourceDate "2015.07.17"]
[SourceVersion "1"]
[SourceVersionDate "2015.07.17"]
[SourceQuality "1"]

1. e4 e5 2. Nf3 Nc6 3. Bb5 a6 4. Ba4 Nf6 5. 0-0 b5 6. Bb3 Bb7 7. d3 Be7 8. Nc3 0-0 9. Bd2 d6 10. Nd5 Nxd5 11. Bxd5 Qc8 12. Re1 Bf6 13. Ng5 h6 14. Nh3 Rb8 15. c3 Ne7 16. Bxb7 Rxb7 17. Be3 c5 18. f4 exf4 19. Nxf4 b4 20. d4 Bg5 21. Qe2 bxc3 22. bxc3 cxd4 23. cxd4 Qc6 24. Qf3 Qa4 25. Kh1 Rc7 26. Bg1 Rc2 27. a3 a5 28. Qg3 Qc6 29. Nh3 Bd2 30. Re2 Rc3 31. Be3 Re8 32. d5 Qc4 33. Rxd2 Qxe4 34. Qxd6 Rxe3 35. Qd7 Nf5 36. Rf2 Re5 37. Raf1 g6 38. d6 Rd5 39. Qc8+ Qe8 40. Qxe8+ Rxe8 41. Nf4 Rd4 42. Nh5 Re5 43. Nf6+ Kg7 44. Nd7 Rb5 45. Kg1 Rxd6 46. g4 Rxd7 47. gxf5 g5 48. Rc1 Rd3 49. Rc8 Rxa3 50. f6+ Kg6 51. Rg8+ Kh5 52. Rf8 Ra1+ 53. Kg2 Rb7 0-1

[Event "Remote Superturnier 18 email"]
[Site "Remote email"]
[Date "2012.11.21"]
[Round "?"]
[White "Richter, Wolfgang"]
[Black "Ahrens, Gerhard"]
[Result "1-0"]
[WhiteElo "2373"]
[BlackElo "2223"]
[PlyCount "67"]
[EventDate "2012.??.??"]
[EventType "tourn (corr)"]
[EventRounds "14"]
[EventCountry "GER"]
[SourceTitle "Corr 2015"]
[Source "ChessBase"]
[SourceDate "2015.07.17"]
[SourceVersion "1"]
[SourceVersionDate "2015.07.17"]
[SourceQuality "1"]

1. e4 c5 2. Nf3 d6 3. d4 cxd4 4. Nxd4 Nf6 5. Nc3 a6 6. Be3 Ng4 7. Nd5 Nxe3 8. Nxe3 e6 9. c3 Nc6 10. Be2 Be7 11. 0-0 0-0 12. Kh1 Qb6 13. Qd2 Qc7 14. f4 Bd7 15. Ndc2 b5 16. Rad1 Rab8 17. Ng4 Na5 18. f5 exf5 19. exf5 Nc4 20. Bxc4 bxc4 21. Nb4 Rxb4 22. cxb4 Rb8 23. Rde1 Bf8 24. Qg5 Kh8 25. f6 Be6 26. fxg7+ Bxg7 27. Nf6 Qd8 28. Qh4 Bxf6 29. Rxf6 Rb5 30. Qf4 Qe7 31. Rexe6 fxe6 32. Rf7 Rd5 33. h3 Rf5 34. Qxf5 1-0

[Event "Remote Superturnier 18 email"]
[Site "Remote email"]
[Date "2012.11.21"]
[Round "?"]
[White "Svrsek, Radomir Jr"]
[Black "Ahrens, Gerhard"]
[Result "1-0"]
[WhiteElo "2372"]
[BlackElo "2248"]
[PlyCount "89"]
[EventDate "2012.??.??"]
[EventType "tourn (corr)"]
[EventRounds "14"]
[EventCountry "GER"]
[SourceTitle "Corr 2015"]
[Source "ChessBase"]
[SourceDate "2015.07.17"]
[SourceVersion "1"]
[SourceVersionDate "2015.07.17"]
[SourceQuality "1"]

1. e4 c5 2. Nf3 Nc6 3. d4 cxd4 4. Nxd4 g6 5. Nc3 Bg7 6. Be3 Nf6 7. Be2 0-0 8. Nb3 d6 9. 0-0 Be6 10. f4 Qc8 11. h3 Rd8 12. Bd3 Bxb3 13. axb3 d5 14. Nxd5 Nxd5 15. exd5 Rxd5 16. Qc1 Nd4 17. Bc4 b5 18. Bxd5 Ne2+ 19. Kh1 Nxc1 20. Raxc1 Bxb2 21. Rb1 Bf6 22. Bxa8 Qxa8 23. c4 bxc4 24. bxc4 Kg7 25. Rfc1 h6 26. c5 Qc6 27. Rb4 g5 28. fxg5 Bxg5 29. Bd4+ f6 30. Ra1 a5 31. Rb2 Qa8 32. Ra4 e5 33. Bg1 e4 34. Rc4 Qd5 35. Rd4 Qa8 36. Re2 f5 37. Rc2 f4 38. c6 e3 39. c7 Qc8 40. h4 e2 41. Re4 Bxh4 42. Rexe2 Kf7 43. Re4 Bg5 44. Bb6 f3 45. Rf2 1-0

[Event "Remote Superturnier 17 email"]
[Site "Remote email"]
[Date "2012.07.28"]
[Round "?"]
[White "Ahrens, Gerhard"]
[Black "Svrsek, Radomir"]
[Result "0-1"]
[WhiteElo "2210"]
[BlackElo "2396"]
[PlyCount "56"]
[EventDate "2012.??.??"]
[EventType "tourn (corr)"]
[EventRounds "14"]
[EventCountry "GER"]
[SourceTitle "Corr 2015"]
[Source "ChessBase"]
[SourceDate "2015.07.17"]
[SourceVersion "1"]
[SourceVersionDate "2015.07.17"]
[SourceQuality "1"]

1. e4 e5 2. f4 exf4 3. Nf3 g5 4. h4 g4 5. Ne5 Nf6 6. Bc4 d5 7. exd5 Bd6 8. d4 Nh5 9. 0-0 0-0 10. Nxg4 Qxh4 11. Nh2 Ng3 12. Re1 Bf5 13. Bd3 Nd7 14. Bxf5 Nxf5 15. Nf3 Qg4 16. Nc3 Kh8 17. Nh2 Qg7 18. Nb5 Nh4 19. Qg4 Qxg4 20. Nxg4 Rg8 21. Nxd6 cxd6 22. Re7 Rxg4 23. Kf1 Nb6 24. Rxf7 Nxd5 25. c4 Kg8 26. Rxb7 Ne3+ 27. Ke2 Re8 28. Kd3 Nhxg2 0-1

[Event "Remote Superturnier 17 email"]
[Site "Remote email"]
[Date "2012.07.28"]
[Round "?"]
[White "Carlsen, Torben Erik"]
[Black "Ahrens, Gerhard"]
[Result "0-1"]
[WhiteElo "2348"]
[BlackElo "2210"]
[PlyCount "36"]
[EventDate "2012.??.??"]
[EventType "tourn (corr)"]
[EventRounds "14"]
[EventCountry "GER"]
[SourceTitle "Corr 2015"]
[Source "ChessBase"]
[SourceDate "2015.07.17"]
[SourceVersion "1"]
[SourceVersionDate "2015.07.17"]
[SourceQuality "1"]

1. e4 c5 2. Nf3 Nc6 3. d4 cxd4 4. Nxd4 e6 5. Nc3 Nf6 6. Ndb5 Bb4 7. a3 Bxc3+ 8. Nxc3 d5 9. exd5 exd5 10. Bd3 0-0 11. 0-0 d4 12. Ne2 Qd5 13. Nf4 Qc5 14. b4 Qd6 15. Re1 Bg4 16. f3 Bd7 17. Ne2 Rfe8 18. Bb2 Rad8 0-1

[Event "Remote Superturnier 17 email"]
[Site "Remote email"]
[Date "2012.07.28"]
[Round "?"]
[White "Markus, Roland"]
[Black "Ahrens, Gerhard"]
[Result "1-0"]
[WhiteElo "2368"]
[BlackElo "2210"]
[PlyCount "61"]
[EventDate "2012.??.??"]
[EventType "tourn (corr)"]
[EventRounds "14"]
[EventCountry "GER"]
[SourceTitle "Corr 2015"]
[Source "ChessBase"]
[SourceDate "2015.07.17"]
[SourceVersion "1"]
[SourceVersionDate "2015.07.17"]
[SourceQuality "1"]

1. e4 c5 2. c3 d5 3. exd5 Qxd5 4. d4 Nf6 5. Nf3 e6 6. Be2 Be7 7. 0-0 cxd4 8. cxd4 Nc6 9. Nc3 Qd6 10. Nb5 Qd8 11. Bf4 Nd5 12. Bg3 0-0 13. Bc4 a6 14. Bxd5 exd5 15. Nc7 Ra7 16. Qb3 b5 17. Qxd5 Nb4 18. Qxd8 Rxd8 19. Rfe1 Bf8 20. Rad1 Nxa2 21. d5 Bg4 22. d6 Nb4 23. h3 Bf5 24. Nd4 Bd7 25. Bf4 g6 26. Nb3 Bf5 27. Na5 Rd7 28. Re8 Kg7 29. Rc8 f6 30. g4 Rxd6 31. Ne8+ 1-0

[Event "Remote Superturnier 17 email"]
[Site "Remote email"]
[Date "2012.07.28"]
[Round "?"]
[White "Schneider, Hans"]
[Black "Ahrens, Gerhard"]
[Result "1-0"]
[WhiteElo "2370"]
[BlackElo "2210"]
[PlyCount "69"]
[EventDate "2012.??.??"]
[EventType "tourn (corr)"]
[EventRounds "14"]
[EventCountry "GER"]
[SourceTitle "Corr 2015"]
[Source "ChessBase"]
[SourceDate "2015.07.17"]
[SourceVersion "1"]
[SourceVersionDate "2015.07.17"]
[SourceQuality "1"]

1. e4 c5 2. Nf3 d6 3. d4 cxd4 4. Nxd4 Nf6 5. Nc3 a6 6. Bc4 e6 7. f4 Nc6 8. Bb3 Nxd4 9. Qxd4 Qc7 10. Be3 Be7 11. 0-0-0 e5 12. fxe5 dxe5 13. Qb6 Qxb6 14. Bxb6 Bg4 15. Rd3 Rc8 16. Nd5 Nxe4 17. Ba4+ Kf8 18. Nxe7 Kxe7 19. Re1 f5 20. Bd7 Rcd8 21. Bxd8+ Rxd8 22. Ba4 Rxd3 23. cxd3 Nc5 24. Bc2 Kf6 25. Kd2 Ne6 26. Bb3 Nf4 27. Rc1 Nxg2 28. Bd5 Nh4 29. Bxb7 a5 30. Rc6+ Kg5 31. Ra6 Bf3 32. Bxf3 Nxf3+ 33. Ke2 Nxh2 34. Rxa5 Ng4 35. a4 1-0

[Event "Remote Superturnier 16 email"]
[Site "Remote email"]
[Date "2012.04.16"]
[Round "?"]
[White "Ahrens, Gerhard"]
[Black "Vega Palma, Manuel"]
[Result "1/2-1/2"]
[WhiteElo "2210"]
[BlackElo "2436"]
[PlyCount "50"]
[EventDate "2012.??.??"]
[EventType "tourn (corr)"]
[EventRounds "14"]
[EventCountry "GER"]
[SourceTitle "Corr 2015"]
[Source "ChessBase"]
[SourceDate "2015.07.17"]
[SourceVersion "1"]
[SourceVersionDate "2015.07.17"]
[SourceQuality "1"]

1. e4 c5 2. Nf3 d6 3. d4 cxd4 4. Nxd4 Nf6 5. Nc3 a6 6. Bg5 e6 7. f4 Be7 8. Qf3 Qc7 9. 0-0-0 Nbd7 10. g4 h6 11. Bxf6 Bxf6 12. h4 Qb6 13. Nde2 Be7 14. g5 Nf8 15. Bg2 hxg5 16. hxg5 Rxh1 17. Rxh1 Bd7 18. Rh8 g6 19. Nd1 Bc6 20. Kb1 0-0-0 21. Rg8 Nd7 22. Rg7 Rf8 23. Bh3 Bd8 24. a3 Kb8 25. Ndc3 Nc5 1/2-1/2

[Event "Remote Superturnier 16 email"]
[Site "Remote email"]
[Date "2012.04.16"]
[Round "?"]
[White "Boehme, Sebastian"]
[Black "Ahrens, Gerhard"]
[Result "1-0"]
[WhiteElo "2539"]
[BlackElo "2210"]
[PlyCount "87"]
[EventDate "2012.??.??"]
[EventType "tourn (corr)"]
[EventRounds "14"]
[EventCountry "GER"]
[SourceTitle "Corr 2015"]
[Source "ChessBase"]
[SourceDate "2015.07.17"]
[SourceVersion "1"]
[SourceVersionDate "2015.07.17"]
[SourceQuality "1"]

1. e4 c5 2. Nf3 d6 3. d4 cxd4 4. Nxd4 Nf6 5. Nc3 a6 6. f3 e5 7. Nb3 Be7 8. Be3 0-0 9. Qd2 Qc7 10. 0-0-0 Be6 11. g4 Nbd7 12. Kb1 b5 13. g5 Nh5 14. Nd5 Bxd5 15. exd5 Nb6 16. Na5 Nxd5 17. Qxd5 Qxa5 18. Bd3 g6 19. Qb7 Qd8 20. Rhg1 Nf4 21. Bxf4 exf4 22. Be4 Rb8 23. Qxa6 Bxg5 24. Rxd6 Qe7 25. a3 b4 26. a4 Kg7 27. Rgd1 Rfd8 28. Rxd8 Rxd8 29. Rxd8 Qxd8 30. Qb5 Be7 31. Ka2 Qd4 32. Qd5 Bf6 33. Qxd4 Bxd4 34. Kb3 f5 35. Bxf5 Kf6 36. Be4 Ke5 37. Kxb4 Bxb2 38. c4 Kd6 39. c5+ Kc7 40. a5 Kb8 41. a6 Ka7 42. Bd3 g5 43. Kc4 h6 44. Kd5 1-0

[Event "Remote 7er 0087 email"]
[Site "Remote email"]
[Date "2012.01.16"]
[Round "?"]
[White "Ahrens, Gerhard"]
[Black "Fernandez Ballon, Armel"]
[Result "0-1"]
[WhiteElo "2210"]
[BlackElo "2360"]
[PlyCount "90"]
[EventDate "2012.??.??"]
[EventType "tourn (corr)"]
[EventRounds "6"]
[EventCountry "GER"]
[SourceTitle "Corr 2015"]
[Source "ChessBase"]
[SourceDate "2015.07.17"]
[SourceVersion "1"]
[SourceVersionDate "2015.07.17"]
[SourceQuality "1"]

1. e4 e5 2. d4 exd4 3. Qxd4 Nc6 4. Qe3 Nf6 5. Nc3 Bb4 6. Bd2 0-0 7. 0-0-0 Re8 8. Qg3 Nxe4 9. Nxe4 Rxe4 10. Bxb4 Rxb4 11. a3 Ra4 12. Bb5 Ra5 13. Bd3 d6 14. Ne2 Bd7 15. f4 Rb8 16. Rhe1 g6 17. Be4 b5 18. c3 Ra4 19. Bc2 Rc4 20. Rd5 Qf6 21. b3 Rc5 22. Rxc5 dxc5 23. Qg5 Qxg5 24. fxg5 Re8 25. Kd2 Na5 26. Nf4 Rxe1 27. Kxe1 Bc6 28. Kf2 Kf8 29. Ke3 Ke7 30. h4 a6 31. g3 Bb7 32. h5 gxh5 33. Bxh7 Nxb3 34. g6 fxg6 35. Bxg6 Na5 36. Bd3 Bc8 37. Nxh5 Be6 38. Ke4 Nc4 39. Bxc4 Bxc4 40. Nf4 a5 41. Nd5+ Kd6 42. Ne3 Be6 43. Kd3 Ke5 44. Kc2 Ke4 45. Kd2 b4 0-1

[Event "Remote 7er 0087 email"]
[Site "Remote email"]
[Date "2012.01.16"]
[Round "?"]
[White "Valverde Lopez, Mario"]
[Black "Ahrens, Gerhard"]
[Result "0-1"]
[WhiteElo "1870"]
[BlackElo "2210"]
[PlyCount "84"]
[EventDate "2012.??.??"]
[EventType "tourn (corr)"]
[EventRounds "6"]
[EventCountry "GER"]
[SourceTitle "Corr 2015"]
[Source "ChessBase"]
[SourceDate "2015.07.17"]
[SourceVersion "1"]
[SourceVersionDate "2015.07.17"]
[SourceQuality "1"]

1. e4 e5 2. Nf3 Nc6 3. Bc4 Bc5 4. b4 Bxb4 5. c3 Ba5 6. d4 exd4 7. 0-0 Nge7 8. Ng5 d5 9. exd5 Ne5 10. Bb5+ c6 11. dxc6 bxc6 12. cxd4 cxb5 13. dxe5 0-0 14. Na3 Qxd1 15. Rxd1 Bc3 16. Rb1 a6 17. Bb2 Bxb2 18. Rxb2 Ng6 19. Nc2 Nxe5 20. Ne3 Re8 21. Ne4 Bg4 22. Nxg4 Nxg4 23. Nd6 Re6 24. h3 Nf6 25. Rd4 h6 26. f4 Rd8 27. Rbd2 b4 28. Kf1 a5 29. Nc4 Rde8 30. g4 Ne4 31. Rb2 Ra6 32. Rd5 Rea8 33. Kg2 Nc3 34. Rd7 R8a7 35. Rxa7 Rxa7 36. Kf3 g5 37. Rc2 a4 38. fxg5 hxg5 39. Ne5 Nxa2 40. Rxa2 b3 41. Ra1 b2 42. Rd1 Rb7 0-1

[Event "Remote Swiss email"]
[Site "Remote email"]
[Date "2011.01.30"]
[Round "2"]
[White "Ahrens, Gerhard"]
[Black "Schaar, Joerg"]
[Result "1-0"]
[WhiteElo "2210"]
[BlackElo "1822"]
[PlyCount "61"]
[EventDate "2011.??.??"]
[EventType "swiss (corr)"]
[EventRounds "6"]
[EventCountry "GER"]
[SourceTitle "Corr 2015"]
[Source "ChessBase"]
[SourceDate "2015.07.17"]
[SourceVersion "1"]
[SourceVersionDate "2015.07.17"]
[SourceQuality "1"]

1. e4 d6 2. Nf3 Nf6 3. Nc3 c6 4. d4 Bg4 5. h3 Bh5 6. Be2 e6 7. 0-0 d5 8. Ne5 Bxe2 9. Qxe2 Nbd7 10. Bf4 Nxe5 11. dxe5 Nxe4 12. Nxe4 dxe4 13. Rad1 Qc7 14. Qxe4 Bc5 15. Be3 Be7 16. f4 g6 17. g4 Qa5 18. a3 Rd8 19. f5 Rxd1 20. Rxd1 0-0 21. f6 Bd8 22. b4 Qc7 23. Bxa7 b6 24. Qe3 Kh8 25. Rd6 Bxf6 26. Bxb6 Qb8 27. Bd4 Be7 28. Rxc6 Qb7 29. Rd6 Rc8 30. Qd3 h5 31. c4 1-0

[Event "Remote Swiss email"]
[Site "Remote email"]
[Date "2011.01.30"]
[Round "2"]
[White "Bilsel, Sabahaddin"]
[Black "Ahrens, Gerhard"]
[Result "1-0"]
[WhiteElo "1888"]
[BlackElo "2210"]
[PlyCount "235"]
[EventDate "2011.??.??"]
[EventType "swiss (corr)"]
[EventRounds "6"]
[EventCountry "GER"]
[SourceTitle "Corr 2015"]
[Source "ChessBase"]
[SourceDate "2015.07.17"]
[SourceVersion "1"]
[SourceVersionDate "2015.07.17"]
[SourceQuality "1"]

1. d4 Nf6 2. c4 e6 3. Nc3 Bb4 4. e3 0-0 5. Nf3 c5 6. Bd3 d5 7. 0-0 dxc4 8. Bxc4 Nbd7 9. Qe2 b6 10. Rd1 cxd4 11. exd4 Bb7 12. Bd2 Rc8 13. Bd3 Qe7 14. a3 Bd6 15. Nb5 a5 16. b4 a4 17. Rac1 Bb8 18. Nc3 Qd6 19. g3 Nd5 20. Nxa4 N7f6 21. Re1 Rxc1 22. Rxc1 Rd8 23. Qd1 Ne7 24. Bg5 h6 25. Bxf6 gxf6 26. Nc3 f5 27. Bf1 Ng6 28. Bg2 Bxf3 29. Bxf3 Qxd4 30. Qxd4 Rxd4 31. Nb5 Rd8 32. a4 Ne7 33. a5 bxa5 34. bxa5 Rd3 35. Bg2 Rb3 36. Bf1 Rb2 37. a6 Ra2 38. Rb1 Be5 39. a7 Nc6 40. Rd1 Nxa7 41. Rd8+ Kg7 42. Ra8 Nxb5 43. Rxa2 Nc3 44. Ra7 Bd4 45. Rd7 e5 46. Kg2 Ne4 47. Bc4 Bxf2 48. Rxf7+ Kg6 49. Rc7 Be1 50. Rc6+ Nf6 51. Bg8 Kg7 52. Ba2 Bb4 53. Rb6 Bc5 54. Rb7+ Kg6 55. Bf7+ Kg7 56. Bh5+ Kh8 57. Bg6 Nd5 58. h4 Ne7 59. h5 Kg8 60. Kh3 Kh8 61. g4 fxg4+ 62. Kxg4 Kg7 63. Rd7 Kf6 64. Bd3 Ke6 65. Rd8 Kf6 66. Ra8 Be3 67. Ra6+ Kf7 68. Bc4+ Ke8 69. Kf3 Bg5 70. Ke4 Bf4 71. Bb5+ Kf7 72. Rd6 Bg5 73. Bc4+ Kg7 74. Kxe5 Kh8 75. Ke6 Kg7 76. Kd7 Kf8 77. Rd1 Ng8 78. Bxg8 Kxg8 79. Ke8 Kg7 80. Rd6 Bf6 81. Re6 Bb2 82. Rg6+ Kh7 83. Kf7 Be5 84. Re6 Bf4 85. Re7 Bg5 86. Rd7 Be3 87. Kf6+ Kg8 88. Rg7+ Kf8 89. Rf7+ Kg8 90. Kg6 Bg5 91. Rf5 Bd2 92. Rf1 Bg5 93. Rf2 Bh4 94. Ra2 Kf8 95. Kxh6 Kf7 96. Ra1 Bd8 97. Ra7+ Kf6 98. Kh7 Kg5 99. h6 Bb6 100. Rd7 Be3 101. Rd6 Bf4 102. Ra6 Kf5 103. Kg7 Be3 104. h7 Bd4+ 105. Kg8 Bc3 106. h8Q Bxh8 107. Kxh8 Ke5 108. Kg7 Kd4 109. Kf6 Ke4 110. Ra5 Kd4 111. Kf5 Kc4 112. Ke4 Kb4 113. Rd5 Kc3 114. Rd4 Kc2 115. Rd3 Kb2 116. Kd4 Kc1 117. Kc3 Kb1 118. Rd1+ 1-0

[Event "Bad Bevensen Seniors op 12th"]
[Site "Bad Bevensen"]
[Date "2009.07.14"]
[Round "8"]
[White "Raitza, Egon"]
[Black "Ahrens, Gerhard"]
[Result "0-1"]
[WhiteElo "1712"]
[BlackElo "1762"]
[PlyCount "128"]
[EventDate "2009.07.07"]
[EventType "swiss"]
[EventRounds "9"]
[EventCountry "GER"]
[SourceTitle "EXT 2022"]
[Source "ChessBase"]
[SourceDate "2021.10.06"]
[SourceVersion "1"]
[SourceVersionDate "2021.10.06"]
[SourceQuality "1"]

1. d4 d5 2. Nf3 Nf6 3. e3 e6 4. Bd3 c5 5. c3 cxd4 6. exd4 Bd6 7. Bg5 Nbd7 8. 0-0 h6 9. Bh4 0-0 10. Re1 Be7 11. Nbd2 Re8 12. h3 Nh5 13. Bxe7 Rxe7 14. Ne5 Nhf6 15. f4 Nh7 16. Qc2 Nhf8 17. Re2 f6 18. Nef3 a6 19. Rae1 b5 20. Kh1 Nb6 21. b3 Bd7 22. f5 Rc8 23. fxe6 Rxe6 24. Rxe6 Bxe6 25. Nh4 Bf7 26. Nf5 Rc7 27. Nf3 b4 28. Bxa6 Rxc3 29. Qe2 Be6 30. Ne3 Nc8 31. Qb5 Qb6 32. Qxb6 Nxb6 33. Nd1 Rc7 34. Bd3 Nc8 35. Nb2 Nb6 36. Kh2 Bf7 37. Na4 Nxa4 38. bxa4 Rc3 39. Bb5 Ra3 40. Rb1 Rxa2 41. Rxb4 Ne6 42. Rb1 Bh5 43. Bd7 Bxf3 44. Bxe6+ Kf8 45. Rg1 Ke7 46. Bf5 Be4 47. Bxe4 dxe4 48. Rb1 Rxa4 49. Rb7+ Kf8 50. Rd7 f5 51. Kg3 g5 52. d5 Ra3+ 53. Kf2 f4 54. d6 Rd3 55. Re7 e3+ 56. Ke2 Rxd6 57. Re4 Kf7 58. h4 Rd2+ 59. Kf3 Rf2+ 60. Kg4 Rxg2+ 61. Kh5 Kf6 62. hxg5+ hxg5 63. Re8 e2 64. Re4 Kf5 0-1

[Event "Bad Bevensen Seniors op 12th"]
[Site "Bad Bevensen"]
[Date "2009.07.12"]
[Round "6"]
[White "Fritsch, Wolfgang"]
[Black "Ahrens, Gerhard"]
[Result "0-1"]
[WhiteElo "1647"]
[BlackElo "1762"]
[PlyCount "68"]
[EventDate "2009.07.07"]
[EventType "swiss"]
[EventRounds "9"]
[EventCountry "GER"]
[SourceTitle "EXT 2022"]
[Source "ChessBase"]
[SourceDate "2021.10.06"]
[SourceVersion "1"]
[SourceVersionDate "2021.10.06"]
[SourceQuality "1"]

1. e4 e5 2. Nc3 Nc6 3. Nf3 d6 4. d4 exd4 5. Nxd4 Bd7 6. Bc4 Nf6 7. Bg5 Ne5 8. Bb3 Be7 9. Qe2 0-0 10. Nf3 Bg4 11. h3 Nxf3+ 12. gxf3 Bh5 13. 0-0-0 Nd7 14. Be3 Ne5 15. Rhg1 Bxf3 16. Qf1 Bxd1 17. Qxd1 c6 18. f4 Ng6 19. Qg4 Bf6 20. Qh5 Qe7 21. f5 Ne5 22. Ne2 Kh8 23. Nf4 Rg8 24. Ng6+ Nxg6 25. fxg6 fxg6 26. Rxg6 Qxe4 27. Rg3 d5 28. c3 g6 29. Qh6 Bg7 30. Qg5 Qf5 31. Qh4 Qh5 32. Qb4 Qe5 33. Rf3 Raf8 34. Bf4 Qe4 0-1

[Event "Bad Bevensen Seniors op 12th"]
[Site "Bad Bevensen"]
[Date "2009.07.10"]
[Round "4"]
[White "Mewes, Hans Dieter"]
[Black "Ahrens, Gerhard"]
[Result "0-1"]
[WhiteElo "1708"]
[BlackElo "1762"]
[PlyCount "71"]
[EventDate "2009.07.07"]
[EventType "swiss"]
[EventRounds "9"]
[EventCountry "GER"]
[SourceTitle "EXT 2022"]
[Source "ChessBase"]
[SourceDate "2021.10.06"]
[SourceVersion "1"]
[SourceVersionDate "2021.10.06"]
[SourceQuality "1"]

1. d4 d5 2. c4 c6 3. cxd5 cxd5 4. Nc3 Nf6 5. Nf3 Nc6 6. e3 e6 7. Bb5 a6 8. Bxc6+ bxc6 9. Qa4 Bb7 10. Ne5 Qc7 11. Bd2 Bd6 12. f4 Nd7 13. Nxd7 Qxd7 14. e4 0-0 15. e5 Be7 16. 0-0 f5 17. Ne2 a5 18. Rf3 Qc7 19. Rc1 Rfc8 20. Qc2 Qb6 21. Be3 a4 22. Bf2 Ra5 23. Nc3 Rca8 24. Kh1 Qc7 25. Ne2 Qb6 26. Nc3 Qa7 27. Nd1 Rc8 28. a3 Qa6 29. Qd3 Qb6 30. Qd2 Qb5 31. Qd3 Rb8 32. Rc3 Qb6 33. Qd2 Qa6 34. Qd3 Ba8 35. Kg1 Qa7 36. Qc2 0-1

[Event "Niedersachsen-ch Seniors op 11th"]
[Site "Bad Bevensen"]
[Date "2008.07.14"]
[Round "7"]
[White "Reinhold, Klaus"]
[Black "Ahrens, Gerhard"]
[Result "1-0"]
[WhiteElo "1894"]
[BlackElo "1803"]
[PlyCount "115"]
[EventDate "2008.07.08"]
[EventType "swiss"]
[EventRounds "9"]
[EventCountry "GER"]
[SourceTitle "EXT 2022"]
[Source "ChessBase"]
[SourceDate "2021.10.06"]
[SourceVersion "1"]
[SourceVersionDate "2021.10.06"]
[SourceQuality "1"]

1. d4 d5 2. c4 c6 3. Nf3 Nf6 4. Nc3 Bf5 5. Qb3 Qb6 6. c5 Qxb3 7. axb3 Na6 8. e4 Nb4 9. Ra4 Nc2+ 10. Kd1 Nxe4 11. Nxe4 Bxe4 12. Ne5 f6 13. Nd3 Nxd4 14. Rxd4 e5 15. Ra4 Bxd3 16. Bxd3 Bxc5 17. Rg4 e4 18. Bc2 Bxf2 19. Rxg7 b6 20. b4 Bd4 21. Bb3 Be5 22. b5 c5 23. Ke2 c4 24. Bc2 f5 25. Rg5 Rf8 26. Rf1 d4 27. Bxe4 d3+ 28. Kd1 fxe4 29. Rxf8+ Kxf8 30. Rxe5 a6 31. Be3 axb5 32. Rxb5 c3 33. bxc3 Ra1+ 34. Kd2 Ra2+ 35. Kc1 Rc2+ 36. Kd1 Rxc3 37. Bd2 Rc6 38. Rb4 Re6 39. Be3 Kf7 40. Rxb6 Re8 41. g4 Ra8 42. Bd4 Ra4 43. Be3 Ra1+ 44. Kd2 Ra2+ 45. Kc3 Rxh2 46. Rb2 Rh4 47. g5 Rg4 48. Kd4 Rh4 49. Rf2+ Kg8 50. Ke5 Rh3 51. Kxe4 Rh1 52. Kxd3 Rd1+ 53. Ke4 Rb1 54. Bd4 Rb5 55. Rf5 Rb7 56. Ra5 Kf7 57. Ra7 Rxa7 58. Bxa7 1-0